02047nam a2200241Ia 4500001000600000003000900006008004100015040001300056040001300069041001300082100002000095100002900115245005100144245005100195250001100246260001100257260002100268260004900289300005700338500134700395650003201742650003101774G7536IT-RoPAU130308s9999 xx 000 0 und d aIT-RoPAU cIT-RoPAU aITALIANO aBoggia Raimondo gCodice Aut. SPICS: 55643 aMondovisione: breve storia di futuri possibili bMondovisione: breve storia di futuri Possibili a1a ed. aMILANO bParole Di Cotone c2001 [1° Ed.:2001 - Ed.Ling.Originale:2001] a"252 p. (prefazione: no ; testo: 252 [pagine: 0-0])" a"Osservare con Metodo (Fotografia o Film della Realta'?): Eventi, Cicli, Mutamento Strutturale. Storia del Futuro: scenario Thinking e Planning, Progettare Il Futuro. Velocità del cambiamento senza Precedenti: Codice Binario, Microchip, Internet, Dalla Ruota al Silicio. Globo Sempre Piu' Piccolo e relazioni Sempre Piu' Rapide: Visione per Il Nuovo Mondo Nuovo; Ner Economye New Economy; tutto Bene sotto la Superficie e tutto Male in Superficie: Mortalità Infantile, Schiavitu', Alfabetizzazione, forza Lavoro; Velocita'Del Male; Chi è Disposto a Scambiare Privacy con Sicurezza? Oltre le nuove colonne D'Ercole: Opportunità D'Imparare e Paura di Perdere; Globalizzazione; Standardizzazione; governance Planetaria; Riprogettare la Scuola Subito; Riprogettare L'Assistenza. internet è la Nuova Polis, No la Nuova Tv: Interattività, Ipertesto, Links, Many to One, Dinosauro e Sguardi al Passato, integrazione e Convergenza, Nuovi Filtri. Nuovo Business: la learning Organization: Azienda Corta e Tempi Lunghi; Creazione della Domanda; Formazione a Distanza; Trasparenza, Ossessione e Opportunità. marca e Comunità Aperte di interessi Condivisi: Fedeltà a marca e Cliente; Grande Malinteso:Misurare l'audience in Rete; Attenzione interesse Desiderio Acquisto; marca Connessa. Storia del Computer. Bibliografia. Webliografia." aSAGGI SULLA MULTIMEDIALITA' eCodice materia Spics: 4257